000 00901nam a22002417a 4500
999 _c64212
_d64212
005 20240530110720.0
008 180321s2016 ua k g b 000 0 ara d
017 _a2016/11909
_bمصر. دار الكتب
020 _a9789773805005
040 _aEG-CaGPL
082 0 4 _221
_a025.178 /
_bع أ
100 0 _aعزت سعد حسان احمد
245 1 2 _aالارشيف الصوتى :
_bضوابطه وسبل التعامل معه /
_cإعداد عزت سعد حسان احمد
250 _aط.1
260 _aالقاهرة :
_bدار العلوم للنشر والتوزيع ،
_c2016.
300 _a284 ص. :
_bايض ؛
_c24 سم.
504 _aببليوجرافية ص 269 : 277.
650 0 7 _aالوثائق
_xتصنيف
650 0 7 _aالوثائق
_xحفظ وترتيب
650 0 7 _aالوثائق الصوتية
942 _2ddc
_cBK